| 000 | 00521nam a2200205Ia 4500 | ||
|---|---|---|---|
| 005 | 20240823053508.0 | ||
| 008 | 240823s9999||||xx |||||||||||||| ||und|| | ||
| 020 | _a978-81-920486-2-8 | ||
| 041 | _aENGLISH | ||
| 082 | _A670 Q4 | ||
| 100 | _aVijayaraghavan G K | ||
| 245 | 0 | _aManufacturing Technology | |
| 250 | _a7th | ||
| 260 |
_c2014 _b"AR Publications,Arp" _aNagapattanam |
||
| 500 | _aTRANSFERED | ||
| 650 |
_aManufacturing Technology _bMechanical |
||
| 700 | _a Rajappan R | ||
| 942 | _cBK | ||
| 999 |
_c224283 _d224283 |
||